000 00722nam a22002537a 4500
003 CHAP
005 20220329135219.0
008 971013s1983 r 00010 d
010 _a32710
011 _a33682
035 _a37798
040 _cCHAP
090 _aFolleto 8428
110 _aCuba. Dirección General de Sanidad Vegetal
_929963
245 _aEnemigos del tabaco
_b: conócelos y combátelos
260 _aLa Habana :
_bCIDA,
_c1983
300 _a36 p.
_b: ilus.
590 _aBATCH-UPD
_b10
_c20130110
_lUCH01
_h2026
590 _aCONVERSION
_b10
_c20130109
_lUCH01
_h1318
650 1 4 _aTabaco
_xPlagas.
_9111234
901 _aBK
942 _cFOLL
949 _aFolleto 8428
_bBC
_cFOLL
_d-86554
_eTS1
_i37798
_si
999 _c32710
_d32710